00683nam a2200241 a 4500001001300000003000900013005001700022008004100039020001000080082001600090100001500106245002700121260003600148300000800184500003500192505003300227650001900260700001500279902000800294942000700302952011700309999001500426nice12345678IN_TiNIC20260116013027.0050524s1912 teha grp 000 0 per  ac10000a891.51bMOI aMoin, Mohd aBargazida Sher-E-Farsi aTehranbTehran Universityc1912 a00p aincludes index and biblioraphy2 aBiblical Index, Bibliography aPersian Poetry1 aMoin, Mohd bSRS cBK 001040708StackRoom-aHMIbHMId2007-06-01g100.00l0o891.51 MOIp013979r2007-06-01v100.00w2005-05-24yBK c9331d9331